000
00292nam a22001337a 4500
008
170411b xxu||||| |||| 00| 0 eng d
020
_a
9782894330135
041
_a
eng
080
_a
612.39
100
_a
10
101
_a
SM
245
_a
SIMPLY DELICIOUS
_c
RAHANTIOTIS, A
942
_2
udc
_c
BK
999
_c
10419
_d
10419